00360 a2200121 4500050002100000245008500021264003900106300001200145500001900157650001500176700002200191700002500213 aKTL19.A35SOU1971 aSouth African Law Reports:b1971 (1) January /cedited by Duncan G [et ...al] aCape Town:bJuta and CO,LTD,c1971 a287p. : aincludes index alaw report aBarnett Meeditor aBuchanan J Leeditor